000 01626nam a2200457 4500
003 DO-SdBNP
005 20220321101715.0
007 ta
008 220202b2019 |a||e |||| 001 0dspa d
020 _a97899933445289
040 _aDO-SdBNP
_bspa
_cBNPHU
082 4 _a808.5
_bG216d
_222
100 1 _aGarcía Molina, Bartolo
_96
245 1 3 _aEl discurso :
_bcategorías y estrategias /
250 _a2da.
260 _aSanto Domingo :
_bSurco,
_c2019.
300 _a284 p. :
_bil., fot. ;
_c23 cm.
500 _aIncluye índice.
501 _aIncluye datos biográficos del autor, en la solapa de la portada del libro.
504 _aBibliografía : p. 271-283.
505 _aCapítulo I. Orígenes de los estudios del discurso.
505 _aCapítulo II. Teoría del discurso.
505 _aCapítulo III. Escrituras y géneros del discurso.
505 _aCapítulo IV. Estrategia del discurso.
505 _aCapítulo V. Pragmática y discurso.
505 _aCapítulo VI. Competencias y discurso.
505 _aCapítulo VII. Signo, Discurso y Percepción.
505 _aCapítulo VIII. Discurso y Cognición.
505 _aCapítulo IX. Discurso y Poder.
505 _aCapítulo X. Enfoque crítico del discurso.
505 _aEpílogo.
505 _aBibliografía.
590 _aInventariado, 2022 / SA
650 4 _aAnálisis del discurso.
_981098
650 4 _aRetórica
_981099
650 4 _aRedacción de escritos técnicos.
_981100
650 4 _aPragmática
_981101
700 1 _aBrea, Gregoria,
_eRevisión y corrección
_976199
910 _aSaquino
942 _2ddc
_cLBS1
999 _c51308
_d51308